| 000 | 00732nam a2200205Ia 4500 | ||
|---|---|---|---|
| 003 | GCL | ||
| 008 | 140319s9999 xx 000 0 ara d | ||
| 040 |
_aGCL / _cGCL |
||
| 082 | 0 | 4 |
_aم _b953.071 _bش ح |
| 100 | 1 | _aشكيب ارسلان | |
| 245 | 1 | 0 |
_aالحلل السندسيه فى الاخبار والاثار الاندلسية / _cشكيب ارسلان |
| 260 |
_a[S.N] : _bدار الكتب المصرية ، _c1936 |
||
| 300 | _aمتعدد | ||
| 490 |
_aشكاوى المصرى الفصيح _v0 |
||
| 650 | 0 | 4 | _aالتاريخ الاسلامى |
| 650 | 0 | 4 | _aالدولة العباسية |
| 650 | 0 | 4 | _aالدولة الاموية |
| 650 | 0 | 4 | _aالاثار الاسلامية فى الاندلس |
| 942 |
_2ddc _cREF |
||
| 999 |
_c59351 _d59351 |
||